Culture Générale - Série 2580 - Statistiques

Statistiques générales
  • Ce quiz a été pris 166 fois
  • Le résultat moyen est 4 sur 10
Statistiques - réponses
Question Réponse % Correct
Quelle est la capitale de la Lituanie ? Vilnius
87%
Au football, comment appelle-t-on également "le coup de pied de réparation" ? pénalty
82%
Où siège la Cour Pénale Internationale de Justice ? La Haye
61%
Qui est le père de la philosophie chinoise ? Confucius
59%
De quelle ville est-il question dans le film "La cité de la peur" de 1994 écrit par les Nuls ? Cannes
54%
Vague formée à l'embouchure de la Gironde et qui remonte le fleuve sur plus de 100 km mascaret
22%
Dans quel département se trouve le chantier de construction expérimental du château de Guédelon ? voir photo Yonne
21%
Ancien chat domestique retourné à l'état sauvage et vivant dans les forêts. haret
11%
Quel est le prénom du personnage principal du « mystère de la chambre jaune » de Gaston Leroux ? Joseph
10%
Complétez le titre du roman de Geneviève Dormann publié en1982 : "Le roman de Sophie ... Trébuchet
4%
Aucun quiz correspondant
Distribution des résultats
% des personnes avec chaque résultat
Percentile par nombre de réponses
Votre historique - résultats
Vous n’avez pas pris ce quiz